000 00640nam a2200241Ia 4500
005 20250425161249.0
008 250425s9999 xx 000 0 und d
020 _a843296316X
041 _aspa
082 _a621.381522
100 _aRUIZ VASSALLO, FRANCISCO
245 0 _aMANUAL DE DIODOS SEMICONDUCTORES
250 _a3A ED.
260 _aBARCELONA
260 _aEspaña
_bCEAC
_c1989
300 _a182
500 _aManuales Ceac de electrónica. Consultar inv. 26757, D-24156 en BIBTEC
650 _aDIODOS DE SILICIO
650 _aDIODOS SEMICONDUCTORES
650 _aDIODOS TUNEL
942 _c01
010 _a16432
999 _c205719
_d205719